[Event "World-ch (Women) k.o."]
[Site "Tehran"]
[Date "2017.02.12"]
[Round "1.2"]
[White "Mona, Khaled"]
[Black "Dzagnidze, Nana"]
[Result "0-1"]
[WhiteElo "2150"]
[BlackElo "2525"]
[PlyCount "106"]
[EventDate "2017.02.11"]
[EventType "k.o."]
[EventRounds "7"]
[EventCountry "IRI"]
[SourceTitle "CBM 177"]
[Source "ChessBase"]
[SourceDate "2017.03.16"]
[SourceVersion "1"]
[SourceVersionDate "2017.03.16"]
[SourceQuality "1"]

1. d4 Nf6 2. Nf3 b6 3. Bf4 Bb7 4. e3 Nh5 5. Bg5 h6 6. Bh4 g5 7. Nfd2 Nf6 8. Bg3 h5 9. h3 d6 10. c4 Nbd7 11. Nc3 e6 12. Nf3 h4 13. Bh2 Rg8 14. d5 g4 15. Nxh4 gxh3 16. g3 b5 17. Bxh3 bxc4 18. Bg2 Rb8 19. b3 exd5 20. Nxd5 Bg7 21. Rc1 Nxd5 22. Bxd5 Bxd5 23. Qxd5 cxb3 24. axb3 Be5 25. Nf5 Rh8 26. f4 Bf6 27. g4 Kf8 28. g5 Bg7 29. Bg1 Rxh1 30. Qxh1 Nc5 31. Qh7 Bb2 32. Nh6 Qe8 33. Rc2 Rxb3 34. Kf1 Qe6 35. Rxb2 Qc4+ 36. Re2 Ne4 37. Qh8+ Ke7 38. Nf5+ Kd7 39. Nd4 Ng3+ 40. Kf2 Nxe2 41. Nxe2 a5 42. Qg7 Kc8 43. Qg8+ Kb7 44. g6 Qe4 45. Kg3 Qxg6+ 46. Qxg6 fxg6 47. Nd4 a4 48. Bf2 c5 49. Nc2 Rc3 50. Na1 Rc1 51. e4 Rxa1 52. f5 gxf5 53. exf5 Kc6 0-1

[Event "World-ch (Women) k.o."]
[Site "Tehran"]
[Date "2017.02.11"]
[Round "1.1"]
[White "Dzagnidze, Nana"]
[Black "Mona, Khaled"]
[Result "0-1"]
[WhiteElo "2525"]
[BlackElo "2150"]
[PlyCount "128"]
[EventDate "2017.02.11"]
[EventType "k.o."]
[EventRounds "7"]
[EventCountry "IRI"]
[SourceTitle "CBM 177"]
[Source "ChessBase"]
[SourceDate "2017.03.16"]
[SourceVersion "1"]
[SourceVersionDate "2017.03.16"]
[SourceQuality "1"]

1. Nf3 d5 2. c4 d4 3. g3 Nc6 4. Bg2 e5 5. d3 Bb4+ 6. Bd2 a5 7. 0-0 Nf6 8. Na3 0-0 9. Nb5 Re8 10. Bg5 Be7 11. e3 h6 12. Bxf6 Bxf6 13. exd4 exd4 14. Nd2 Ne5 15. Qc2 c6 16. Na3 Bg4 17. Rae1 Qd7 18. f4 Ng6 19. c5 Bh3 20. Nac4 Bxg2 21. Kxg2 Rxe1 22. Rxe1 Qd5+ 23. Ne4 Bd8 24. Qb3 b5 25. Ncd2 Qd7 26. a4 Bc7 27. axb5 cxb5 28. Qd1 Re8 29. Kf1 Ne7 30. Nf3 Nf5 31. Kf2 Ne3 32. Qc1 Qh3 33. Rxe3 dxe3+ 34. Qxe3 Qd7 35. f5 Rd8 36. d4 Qxf5 37. Ned2 Kf8 38. Qc3 Re8 39. Qb3 g5 40. Qxb5 g4 41. Qc6 Bb8 42. Qxh6+ Ke7 43. Qg5+ Qxg5 44. Nxg5 f5 45. Nc4 Kf6 46. h4 Rd8 47. Nxa5 Rxd4 48. Nc6 Rd2+ 49. Ke3 Rxb2 50. Nxb8 Rxb8 51. Kd4 Rd8+ 52. Kc4 Ke7 53. c6 Rd1 54. c7 Rc1+ 55. Kd5 Rxc7 56. Ke5 Rc5+ 57. Kf4 Kf6 58. Nh7+ Kg7 59. Ng5 Kg6 60. Ne6 Rc4+ 61. Ke5 Re4+ 62. Kd5 Kf6 63. Nf8 Re7 64. h5 f4 0-1

[Event "Olympiad Women-42"]
[Site "Baku"]
[Date "2016.09.10"]
[Round "8.1"]
[White "Mona, Khaled"]
[Black "Rodriguez Arrieta, Maria Elena"]
[Result "1/2-1/2"]
[WhiteElo "2175"]
[BlackElo "1903"]
[PlyCount "81"]
[EventDate "2016.09.02"]
[EventType "team-swiss"]
[EventRounds "11"]
[EventCountry "AZE"]
[SourceTitle "CBM 174 Extra"]
[Source "ChessBase"]
[SourceDate "2016.10.10"]
[SourceVersion "1"]
[SourceVersionDate "2016.10.10"]
[SourceQuality "1"]
[WhiteTeam "Egypt (W)"]
[BlackTeam "Costa Rica (W)"]
[WhiteTeamCountry "EGY"]
[BlackTeamCountry "CRI"]

1. d4 Nf6 2. Nf3 c5 3. e3 g6 4. c4 Bg7 5. Nc3 0-0 6. Be2 cxd4 7. exd4 d5 8. 0-0 Nc6 9. h3 dxc4 10. Bxc4 Na5 11. Be2 b6 12. Rb1 Bf5 13. Bd3 Bxd3 14. Qxd3 Nd5 15. Re1 Nxc3 16. bxc3 Rc8 17. Bg5 Re8 18. Rbc1 h6 19. Bh4 Nc4 20. Nd2 Nxd2 21. Qxd2 Rc4 22. Qd3 b5 23. a4 a6 24. axb5 axb5 25. Rb1 Qd7 26. Bg3 Rec8 27. Rb3 e6 28. Be5 Qc6 29. Re3 Qa6 30. Qd2 Ra8 31. Bxg7 Kxg7 32. Re5 Qa1+ 33. Kh2 Rac8 34. Rexb5 Rxc3 35. Rb1 Qa3 36. Qf4 Qe7 37. Rb7 R3c7 38. Rb8 Qf6 39. Qe5 Qxe5+ 40. dxe5 Rxb8 41. Rxb8 1/2-1/2

[Event "Olympiad Women-42"]
[Site "Baku"]
[Date "2016.09.09"]
[Round "7.1"]
[White "Goossens, Hanne"]
[Black "Mona, Khaled"]
[Result "1-0"]
[WhiteElo "2149"]
[BlackElo "2175"]
[PlyCount "81"]
[EventDate "2016.09.02"]
[EventType "team-swiss"]
[EventRounds "11"]
[EventCountry "AZE"]
[SourceTitle "CBM 174 Extra"]
[Source "ChessBase"]
[SourceDate "2016.10.10"]
[SourceVersion "1"]
[SourceVersionDate "2016.10.10"]
[SourceQuality "1"]
[WhiteTeam "Belgium (W)"]
[BlackTeam "Egypt (W)"]
[WhiteTeamCountry "BEL"]
[BlackTeamCountry "EGY"]

1. e4 e5 2. Nf3 Nc6 3. Bb5 Nge7 4. Nc3 d6 5. d4 Bd7 6. dxe5 dxe5 7. Bc4 f6 8. Be3 Qc8 9. Qd2 Be6 10. Nd5 Bf7 11. Rd1 Nxd5 12. Bxd5 Qd7 13. 0-0 Bxd5 14. exd5 Nd8 15. c4 Nf7 16. b4 b6 17. Qc3 g6 18. c5 Bg7 19. Qc4 0-0 20. d6 Kh8 21. dxc7 Qxc7 22. Qb5 Rfd8 23. cxb6 axb6 24. Rxd8+ Qxd8 25. Bxb6 Qd6 26. Bc5 Qd5 27. a4 f5 28. a5 e4 29. Ne1 Ne5 30. Nc2 f4 31. Qb6 Nc4 32. Qc7 Be5 33. Qe7 Bc3 34. a6 Nd2 35. Re1 Rxa6 36. Qf8+ Qg8 37. Qxf4 Ra8 38. Bd4+ Bxd4 39. Nxd4 Nc4 40. Qxe4 Rc8 41. Nc6 1-0